| 000 | 00000nam##2200000za#4500 |
| 001 | 9.599682 |
| 003 | CaOODSP |
| 005 | 20240501092931 |
| 007 | cr ||||||||||| |
| 008 | 150406|2004||||xxc|||||o f|0| 0 fre|d |
| 040 | |aCaOODSP|bfre |
| 043 | |an-cn--- |
| 086 | 1 |aPS83-3/150F-PDF |
| 110 | 2 |aService correctionnel Canada. |
| 245 | 10|aÉtude de la documentation sur l'intelligence émotionnelle et ses conséquences en milieu correctionnel / |h[ressource électronique]|c[par] Yvonne Stys et Shelley L. Brown. |
| 260 | |bService correctionnel Canada |cMars 2004. |
| 300 | |a79p.|bfigures, glossaire, références, tableaux |
| 490 | 1 |aRapport de recherche|vR-150 |
| 590 | |a10-11-Supp|b2010-11-10 |
| 720 | 1 |aBrown, Shelley L. |
| 720 | 1 |aStys, Yvonne |
| 775 | 08|tA review of the emotional intelligence literature and implications for corrections / |w(CaOODSP)9.568391 |
| 830 | #0|aRapport de recherche (Service correctionnel Canada. Direction de la recherche)|vR-150|w(CaOODSP)9.502465 |
| 856 | 40|ahttp://publications.gc.ca|qPDF|s381 Ko|uhttps://publications.gc.ca/collections/collection_2010/scc-csc/PS83-3-150-fra.pdf|yR-150 |